Bhimrao Ramji Ambedkar: (Record no. 193864)
[ view plain ]
| 000 -LEADER | |
|---|---|
| fixed length control field | 00868nam a22001937a 4500 |
| 005 - DATE AND TIME OF LATEST TRANSACTION | |
| control field | 20230410170411.0 |
| 010 ## - LCCN (DPL NO) | |
| LC control number | B-746274-276 E.N.A./7.11.22 |
| 020 ## - INTERNATIONAL STANDARD BOOK NUMBER | |
| International Standard Book Number | 9789354910494 |
| Terms of availability | 270.00 |
| 035 ## - SYSTEM CONTROL NUMBER | |
| System control number | B-746274-276 |
| 037 ## - SOURCE OF ACQUISITION | |
| Source of stock number/acquisition | National Book Trust |
| 082 ## - DEWEY DECIMAL CLASSIFICATION NUMBER | |
| Classification number | 305.562 |
| 100 ## - MAIN ENTRY--PERSONAL NAME | |
| Personal name | Sharma, Sudershan Kumar |
| 245 ## - TITLE STATEMENT | |
| Title | Bhimrao Ramji Ambedkar: |
| Remainder of title | Arbiter of Delhi's Destiny / |
| Statement of responsibility, etc | Sudershan Kumar Sharma |
| 260 ## - PUBLICATION, DISTRIBUTION, ETC. (IMPRINT) | |
| Place of publication, distribution, etc | New Delhi |
| Name of publisher, distributor, etc | National Book Trust |
| Date of publication, distribution, etc | 2022 |
| 270 ## - ADDRESS | |
| Address | Nehru Bhawan, 5 institutional Area, Phase- II vasant kunj |
| City | New Delhi |
| Postal code | 110070 |
| 300 ## - PHYSICAL DESCRIPTION | |
| Extent | 227p. |
| Dimensions | 19cm(pbk) |
| 942 ## - ADDED ENTRY ELEMENTS (KOHA) | |
| Source of classification or shelving scheme | Dewey Decimal Classification |
| Item type | English Books |
| Call number suffix | SHA |
| Classification part | 305.562 |
| Withdrawn status | Lost status | Not for loan | Collection code | Home library | Current library | Date acquired | Source of acquisition | Cost, normal purchase price | Full call number | Barcode | Copy number | Cost, replacement price | Koha item type |
|---|---|---|---|---|---|---|---|---|---|---|---|---|---|
| Non-fiction | Central Library | Central Library | 10/04/2023 | National Book Trust India/NB/224/30.11.22/181/24.11.22/30.11.22 | 270.00 | 305.562 SHA | B-746274 | 1 | 270.00 | English Books | |||
| Non-fiction | Sarojini Nagar | Sarojini Nagar | 10/04/2023 | National Book Trust India/NB/224/30.11.22/181/24.11.22/30.11.22 | 270.00 | 305.562 SHA | B-746275 | 1 | 270.00 | English Books | |||
| Non-fiction | Shahdara Branch | Shahdara Branch | 10/04/2023 | National Book Trust India/NB/224/30.11.22/181/24.11.22/30.11.22 | 270.00 | 305.562 SHA | B-746276 | 1 | 270.00 | English Books |
